Datum a čas kvízu
26
Celkem bodů
Celkový počet nahraných bodů na tomto kvízu bez doplňovacích otázek.
5.
Pořadí na kvízu
Konečné umístění týmu na tomto kvízu.
Zaznamenané odpovědi
| # | Otázka | Odpověď | Body | Výsledky |
|---|---|---|---|---|
| 1. | Největší veřejně přístupnou sb... | 1 | ||
| 2. | Slovenská vládní krize přinesl... | 1 | ||
| 3. | Karlovarský filmový festival p... | 0 | ||
| 4. | Už letos najdou zákazníci ve s... | 0 | ||
| 5. | Sezona silniční cyklistiky zač... | 0.5 | ||
| 6. | Stephen Hawking, jehož obdivuh... | 0 | ||
| 7. | V 70. letech se Hawking začal... | 0 | ||
| 8. | Hawking se během své vědecké d... | 0 | ||
| 9. | Jaký neobvyklý dopravní prostř... | 0 | ||
| 10. | Která slavná skupina použila H... | 1 |